000 00953nam0a22002411i 4500
001 rc\2364875
005 20240726011526.0
035 _a(NLR Aleph) 006597061
090 _a7207806
_c7207806
100 _a20110829d1976 |||y0rusy50 ca
101 0 _arus
102 _aRU
105 _ay d |||||
200 1 _aСоциально-экономический строй и быт армянской сельской общины
_e(Конец XIX - начало XX вв.)
_eАвтореф. дис. на соиск. учен. степени канд. ист. наук
_e(07.00.07)
_fМоск. гос. ун-т им. М.В. Ломоносова. Ист. фак.
210 _aМосква
_d1976
215 _a21 с.
700 1 _aАкопян
_bМ.В.
_gМаня Вазгеновна
801 0 _aRU
_bNLR
_gpsbo
801 1 _aRU
_bELAR
_2rusmarc
852 _aNLR
_j76-4/21170
899 _aRuMoRGB
_jДр 338/1049
899 _aRuMoRGB
_jДр 338/1050
942 _cBOOK